000 00675nam a2200193 i 4500
001 36568
003 ES-MaACL
005 20230906155409.0
007 t|
008 030218s1956 pr ||||1| spa d
100 1 _aBrau, Salvador.
_931399
245 1 0 _aDisquisiciones sociológicas y otros ensayos /
_cSalvador Brau ; introducción de Eugenio Fernández Méndez.
260 _aPuerto Rico :
_bUniversidad de Puerto Rico,
_c1956 (
_fCultura)
300 _a413 p. ;
_c25 cm.
651 4 _aPuerto Rico-
_xUsos y costumbres.
_99293
651 4 _aPuerto Rico-
_xSituación social.
_99292
700 1 _aFernández Méndez, Eugenio.
_949921
852 _aES-MaACL
_jC-18244
_bR.46535
999 _c36568
_d36568